000 00213nam a22000857a 4500
008 161213b xxu||||| |||| 00| 0 eng d
100 _92007
_aGupta.R.G.etal
245 _aMathematics-VIII
260 _aNew Delhi
_bAPC
_c2008
999 _c4872
_d4872